Kaiju no 8 Personnages - Statistiques

Statistiques générales
  • Ce quiz a été pris 28 fois
    23 depuis la dernière actualisation
  • Le résultat moyen est 14 sur 58
Statistiques - réponses
Indice Réponse % Correct
Membre de la 1ère Division Kafka Hibino / Kaiju no. 8
100%
Membre de la 1ère Division Kikoru Shinomiya
78%
Capitaine de la 3ème Division Mina Ashiro
72%
Capitaine de la 1ère Division Gen Narumi
67%
Directeur Général Isao Shinomiya
67%
Membre de la 4ème Division Reno Ichikawa
67%
Vice-Capitaine de la 3ème Division Soshiro Hoshina
67%
Membre de la 4ème Division Iharu Furuhashi
44%
Membre de la 3ème Division Aoi Kaguragi
33%
Vice-Capitaine de la 1ère Division Eiji Hasegawa
33%
Cheffe de Peloton de la 1ère Division Rin Shinonome
33%
Membre de la 3ème Division Haruichi Izumo
28%
Kaiju Kaiju no. 1
28%
Kaiju Kaiju no. 10
28%
Kaiju Kaiju no. 11
28%
Kaiju Kaiju no. 12
28%
Kaiju Kaiju no. 13
28%
Kaiju Kaiju no. 14
28%
Kaiju Kaiju no. 15
28%
Kaiju Kaiju no. 2
28%
Kaiju Kaiju no. 3
28%
Kaiju Kaiju no. 4
28%
Kaiju Kaiju no. 5
28%
Kaiju Kaiju no. 6
28%
Kaiju Kaiju no. 7
28%
Kaiju Kaiju no. 8
28%
Kaiju Kaiju no. 9
28%
Cheffe des Opérations de la 3ème Division Konomi Okonogi
28%
Ancienne Capitaine de la 2ème Division Hikari Shinomiya
17%
Chef de Peloton de la 3ème Division Ryo Ikaruga
17%
Membre de la 3ème Division Akari Minase
11%
Chef des Opérations de la 1ère Division Akira Kurusu
11%
Membre de la 3ème Division Hakua Igarashi
11%
Monster Sweeper Inc. Hiroto Mori
11%
Monster Sweeper Inc. Ichitaka Mitsuike
11%
Chef de Peloton de la 3ème Division Itakura
11%
Capitaine de la 4ème Division Jugo Ogata
11%
Chef d'État-major de l'Est Juzo Nogizaka
11%
Civil Kanji Nagamine
11%
Directeur Adjoint Keiji Itami
11%
Monster Sweeper Inc. Kinugasa
11%
Monster Sweeper Inc. Masahide Tokuda
11%
Boss de Monster Sweeper Inc. Mizoguchi
11%
Civil Sebasu
11%
Capitaine de la 6ème Division Soichiro Hoshina
11%
Cheffe de Peloton de la 3ème Division Tae Nakanoshima
11%
Monster Sweeper Inc. Takamichi Hotaka
11%
Monster Sweeper Inc. Yoshimura
11%
Civile Chieko Tokuda
6%
Civil Dojima
6%
Capitaine de la 2ème Division Jura Igarashi
6%
Chef de Peloton de la 1ère Division Kota Tachibana
6%
Chef de Peloton de la 1ère Division Kuraudo Miyake
6%
Vice-Capitaine de la 4ème Division Toko Kirimori
6%
Tigre de la 3ème Division Bakko
0%
Chef de Peloton de la 3ème Division Ebina
0%
Civile Risa
0%
Chef de Peloton de la 3ème Division Takao
0%
Aucun quiz correspondant
Distribution des résultats
% des personnes avec chaque résultat
Percentile par nombre de réponses
Votre historique - résultats
Vous n’avez pas pris ce quiz depuis la dernière actualisation